Statistiques concernant Focus sur: Phineas Black - Harry Potter

Cliquez ici pour prendre le quiz!

Statistiques générales

  • Ce quiz a été pris 87 fois
  • Le résultat moyen est 8 sur 16

Statistiques - réponses

Informations recherchéesRéponses% Correct
Ecole fréquentéePoudlard
95%
Statut du sangSang-Pur
95%
Maison fréquentéeSerpentard
91%
Première apparitionHarry Potter et l'Ordre du Phénix
86%
ProfessionDirecteur de Poudlard
72%
"Espèce" (post-mortem)Tableau
71%
FrèreSirius Black
68%
FilsSirius Black Black
68%
Lieu de rencontre avec Harry Potter12, square Grimmaurd
66%
FilsCygnus Black
32%
Acteur l'interprétant dans les filmsJohn Atterbury
17%
FilsPhineas Black
17%
FilsArcturus Black
15%
FilleBelvina Black
14%
SœurElladora Black
14%
SœurIola Black
12%

Distribution des résultats

Percentile par nombre de réponses

% des personnes avec chaque résultat

Votre développement - résultats

Vous n’avez pas pris ce quiz